Tvarové broušení /

Saved in:
Bibliographic Details
Main Author: Hamr, František (Author)
Format: Book
Language:Czech
Published: Praha : Práce, 1952
Subjects:
Tags: Add Tag
No Tags, Be the first to tag this record!

MARC

LEADER 00000nam a22000003a 4500
001 stu36713
005 20150617225726.9
008 920617s1952----cs------------------cze-d
040 |a STU  |b slo 
041 0 |a cze 
044 |a cs 
080 |a 621.923.1 
100 1 |a Hamr, František  |4 aut 
245 1 |a Tvarové broušení /  |c [aut.]František Hamr 
260 |a Praha :  |b Práce,  |c 1952 
300 |a 241 s 
650 7 |a Brúsenie tvarové  |2 stusub 
996 |b 284M020127  |c M*3594-1  |l MMKN  |s A  |a 24  |w stu36713_0001